00366nam a22001217a 4500020002200000040000900022082002200031100001600053245005000069250001600119260006200135650004700197 a978-969-853-574-2 cNUST a954.91009581bLAT aLatif Zahid aPakistan's Search for Peace with Afghanistan, a1st Edition aIslamabad PakistanbNUST Press, Islamabad, Pakistanc2025 aPakistan Search for peace with Afghanistan